|
|
|
|
| LEADER |
00788nab a2200229 i 4500 |
| 001 |
publ1229 |
| 005 |
20180709145531.0 |
| 008 |
120906s2011 hu o 0|| zxx d |
| 022 |
|
|
|a 1434-193X
|
| 024 |
7 |
|
|a 10.1002/ejoc.201100583
|2 doi
|
| 024 |
7 |
|
|a 1740275
|2 mtmt
|
| 040 |
|
|
|a SZTE Publicatio Repozitórium
|b hun
|
| 041 |
|
|
|a zxx
|
| 100 |
1 |
|
|a Kiss Loránd
|
| 245 |
1 |
0 |
|a Selective synthesis of new fluorinated alicyclic beta-amino ester stereoisomers
|h [elektronikus dokumentum] /
|c Kiss Loránd
|
| 260 |
|
|
|a John Wiley & Sons
|c 2011
|
| 300 |
|
|
|a 4993-5001
|
| 490 |
0 |
|
|a European Journal of Organic Chemistry
|
| 700 |
0 |
1 |
|a Forró Enikő
|e aut
|
| 700 |
0 |
1 |
|a Fustero Santos
|e aut
|
| 700 |
0 |
1 |
|a Fülöp Ferenc
|e aut
|
| 856 |
4 |
0 |
|u http://publicatio.bibl.u-szeged.hu/1229/1/1740275.pdf
|z Dokumentum-elérés
|